000
00305nam a2200121Ia 4500
008
190802s9999 xx 000 0 und d
020
_a
0-86037-216-2
100
_a
M. Umer Chapira
245
0
_a
Islam & The Economic Challenge
260
_a
UK
_b
The Islamic Foundation
_c
2008
300
_a
428:p
942
_c
BK
999
_c
2467
_d
2467